• 首页
  • 本馆介绍
  • 公告通知
  • 最新文献
  • 馆藏检索
  • 电子资源
  • 读者导购
  • 参考咨询
  • 我的图书馆
  • 登录
  • 详细信息显示
  • 放入我的书架
  • 预约/预借图书
  • 作者相关作品
  • 分类相关作品
  • 丛书相关作品
  • 出版社相关作品

书目信息

  • 表格格式
  • 工作单格式
  • 卡片格式
题名:
鲁迅人生笔记 下
    
 
作者: 鲁迅 著
分册:  
出版信息: 长春   时代文艺出版社  2009.03
页数: 154-312页
开本: 23cm
丛书名:
单 册:
中图分类: I210.4 , I210.2
科图分类:
主题词: 鲁迅散文--选集 , 鲁迅散文
电子资源:
ISBN: 978-7-5387-1994-9
000 00706nam0 2200253 450
001 002953696
005 20110524084844.36
010    @a978-7-5387-1994-9@dCNY25.00
100    @a20050119d2009 em y0chiy50 ea
101 0  @achi
102    @aCN@b220000
105    @aa z 000ed
200 1  @a鲁迅人生笔记 下@Alu xun ren sheng bi ji xia@b专著@f鲁迅著@9lu xun ren sheng bi ji
210    @a长春@c时代文艺出版社@d2009.03
215    @a154-312页@c照片@d23cm
606 0  @a鲁迅散文@j选集
606 0  @a鲁迅散文
690    @aI210.4@v5
690    @aI210.2@v5
701  0 @a鲁迅@f(1881~1936)@4著@9lu xun
801 0  @c20110524
905    @aBZT@dI210.2@e6-2
906    @dCNY25.00@n0@r1
SYS    @0@0@0@002953696
    
    鲁迅人生笔记 下/鲁迅著.-长春:时代文艺出版社,2009.03
    154-312页:照片;23cm
    
    
    ISBN 978-7-5387-1994-9:CNY25.00
    
●
相关链接 在五车中查询图书 在当当中查询图书 在豆瓣中查询图书


正题名:鲁迅人生笔记 下     索取号:I210.2/6-2         预约/预借

序号 登录号 条形码 馆藏地/架位号 状态 备注
1 786457   2000786457   中心书库中库/打包BH0030/ [索取号:I210.2/6-2] 在馆    
2 786458   2000786458   中心书库中库/打包BH0030/ [索取号:I210.2/6-2] 在馆    
3 786459   2000786459   中心书库中库/打包BH0030/ [索取号:I210.2/6-2] 在馆    
4 786460   2000786460   中心书库中库/打包BH0030/ [索取号:I210.2/6-2] 在馆    
5 786461   2000786461   中心书库中库/打包BH0030/ [索取号:I210.2/6-2] 在馆    
6 786462   2000786462   中心书库中库/打包BH0030/ [索取号:I210.2/6-2] 在馆    
山东省滨州职业学院图书馆 欢迎您!
大连网信软件有限公司© 版权所有